Work, consumerism and the new poor / (Record no. 14550)

000 -LEADER
fixed length control field 01379cam a2200373 a 4500
001 - CONTROL NUMBER
control field 1183260
005 - DATE AND TIME OF LATEST TRANSACTION
control field 20170105102857.0
008 - FIXED-LENGTH DATA ELEMENTS--GENERAL INFORMATION
fixed length control field 971202s1998 enk b 001 0 eng
010 ## - LIBRARY OF CONGRESS CONTROL NUMBER
LC control number 97047455
020 ## - INTERNATIONAL STANDARD BOOK NUMBER
International Standard Book Number 0335201563
020 ## - INTERNATIONAL STANDARD BOOK NUMBER
International Standard Book Number 0335201555 (pbk.)
040 ## - CATALOGING SOURCE
Original cataloging agency DLC
Transcribing agency DLC
Modifying agency DLC
050 00 - LIBRARY OF CONGRESS CALL NUMBER
Classification number HC79.P6
Item number B36 1998
082 00 - DEWEY DECIMAL CLASSIFICATION NUMBER
Classification number 362.5
Edition number 21
100 1# - MAIN ENTRY--PERSONAL NAME
Personal name Bauman, Zygmunt,
Dates associated with a name 1925-
245 10 - TITLE STATEMENT
Title Work, consumerism and the new poor /
Statement of responsibility, etc. Zygmunt Bauman.
260 ## - PUBLICATION, DISTRIBUTION, ETC.
Place of publication, distribution, etc. Buckingham ;
-- Philadelphia :
Name of publisher, distributor, etc. Open University Press,
Date of publication, distribution, etc. 1998.
300 ## - PHYSICAL DESCRIPTION
Extent ix, 106 p. ;
Dimensions 24 cm.
440 #0 - SERIES STATEMENT/ADDED ENTRY--TITLE
Title Issues in society
504 ## - BIBLIOGRAPHY, ETC. NOTE
Bibliography, etc. note Includes bibliographical references (p. [99]-104) and index.
650 #0 - SUBJECT ADDED ENTRY--TOPICAL TERM
Topical term or geographic name entry element Poor.
650 #0 - SUBJECT ADDED ENTRY--TOPICAL TERM
Topical term or geographic name entry element Poor
General subdivision Public opinion.
650 #0 - SUBJECT ADDED ENTRY--TOPICAL TERM
Topical term or geographic name entry element Work ethic.
650 #0 - SUBJECT ADDED ENTRY--TOPICAL TERM
Topical term or geographic name entry element Consumers
General subdivision Attitudes.
650 #0 - SUBJECT ADDED ENTRY--TOPICAL TERM
Topical term or geographic name entry element Production (Economic theory)
650 #0 - SUBJECT ADDED ENTRY--TOPICAL TERM
Topical term or geographic name entry element Public welfare.
856 42 - ELECTRONIC LOCATION AND ACCESS
Materials specified Publisher description
Uniform Resource Identifier <a href="http://www.loc.gov/catdir/description/mh051/97047455.html">http://www.loc.gov/catdir/description/mh051/97047455.html</a>
856 42 - ELECTRONIC LOCATION AND ACCESS
Materials specified Contributor biographical information
Uniform Resource Identifier <a href="http://www.loc.gov/catdir/bios/mh051/97047455.html">http://www.loc.gov/catdir/bios/mh051/97047455.html</a>
856 41 - ELECTRONIC LOCATION AND ACCESS
Materials specified Table of contents
Uniform Resource Identifier <a href="http://www.loc.gov/catdir/toc/mh051/97047455.html">http://www.loc.gov/catdir/toc/mh051/97047455.html</a>
906 ## - LOCAL DATA ELEMENT F, LDF (RLIN)
a 7
b cbc
c orignew
d 1
e ocip
f 19
g y-gencatlg
942 ## - ADDED ENTRY ELEMENTS (KOHA)
Source of classification or shelving scheme
Koha item type Book
Holdings
Withdrawn status Lost status Damaged status Not for loan Collection code Permanent Location Current Location Shelving location Date acquired Total Checkouts Full call number Barcode Date last seen Price effective from Koha item type
          Centre for International Peace & Stability (CIPS) Centre for International Peace & Stability (CIPS) General Stacks 09/10/2013   362.5 BAU 1998 CIPS0000853 09/12/2013 09/12/2013 Book
© 2023 Central Library, National University of Sciences and Technology. All Rights Reserved.